| 000 | 00906nam a22002537a 4500 | ||
|---|---|---|---|
| 005 | 20091027134646.0 | ||
| 008 | 091027t xxu||||| |||| 00| 0 eng d | ||
| 010 | _aENG-95220 | ||
| 020 |
_a9780070151598 _c350.00 |
||
| 020 | _a0070151598 | ||
| 035 | _aEN-78753 | ||
| 037 | _bDBAD/PUB | ||
| 040 | _aDPL | ||
| 082 | _a657 | ||
| 100 | _aHanif, Mohammed | ||
| 245 |
_aAccounting : _cby Mohanned Hanif [and] Amitabha Mukherjee _bfor CA IPCC examination and Accountiing Technican Course |
||
| 260 |
_aNew Delhi _bTata MaGraw Hill Education _c2009 |
||
| 270 |
_a7, West Patel Nagar _bNew Delhi _e110008 |
||
| 300 |
_aVarious pagings _c24 cm.(Pbk). |
||
| 500 | _aIncludes Index | ||
| 700 | _aMukherjee, Amitabha | ||
| 942 |
_2ddc _cEN _mHAN _h657 |
||
| 999 |
_c31062 _d31062 |
||